[Event "Mercredi 2017.08.30 ABCD"]
[Site "Montreal CAN"]
[Date "2017.09.16"]
[Round "4"]
[White "Rodrigue-Lemieux, Shawn"]
[Black "Lopez Linares, Lizandro"]
[Result "1/2-1/2"]
[WhiteElo "2269"]
[BlackElo "2199"]
[PlyCount "145"]
[EventDate "2017.08.30"]
[EventType "tourn"]
[EventRounds "5"]
[EventCountry "CAN"]

1. d4 Nf6 2. Nf3 d5 3. e3 c5 4. c3 cxd4 5. exd4 Nc6 6. h3 Qc7 7. Bd3 g6 8. O-O
Bg7 9. Re1 Nh5 10. Qb3 Qd6 11. g4 Nf6 12. Ne5 Nd7 13. f4 O-O 14. Qc2 f6 15.
Nxg6 hxg6 16. Bxg6 Rd8 17. Qf2 Nf8 18. Bc2 e5 19. fxe5 fxe5 20. dxe5 Bxe5 21.
Qh4 Be6 22. Bh6 Rd7 23. Nd2 Bg7 24. Rf1 Bf7 25. Bxg7 Kxg7 26. g5 Kg8 27. Rf6
Qc5+ 28. Kh1 Ne5 29. Re1 Bg6 30. Bxg6 Nexg6 31. Qh6 Rg7 32. Nb3 Qc7 33. Nd4 Rh7
34. Rxg6+ Kh8 35. Rf6 Rxh6 36. Rxh6+ Kg8 37. Rf1 Qe5 38. Nf5 Qe4+ 39. Kg1 Re8
40. Rh4 Qd3 41. Nh6+ Kg7 42. Nf5+ Kg6 43. Rg4 Qxf5 44. Rxf5 Kxf5 45. Kf2 Ne6
46. Ra4 Kxg5 47. Rxa7 Re7 48. Ke3 Kf5 49. Kd3 Ke5 50. h4 Kd6 51. b4 Kc6 52. a4
Nc7 53. Ra5 Rh7 54. Rc5+ Kd6 55. a5 Rxh4 56. Kc2 Rh3 57. Kb2 Rh4 58. Kb3 Rh2
59. Ka3 Rd2 60. Kb3 Ne6 61. Rb5 Kc7 62. Rb6 Nf4 63. Rf6 Ne2 64. Rf7+ Kb8 65. b5
Rd3 66. Rf8+ Kc7 67. Rf7+ Kd6 68. Rxb7 Rxc3+ 69. Kb2 Rc4 70. a6 Ra4 71. a7 Nd4
72. b6 Nc6 73. Rh7 1/2-1/2

[Event "Mercredi 2017.08.30 ABCD"]
[Site "Montreal CAN"]
[Date "2017.09.20"]
[Round "4"]
[White "Rodrigue-Lemieux, Shawn"]
[Black "Saha, Ananda"]
[Result "1-0"]
[WhiteElo "2269"]
[BlackElo "2116"]
[PlyCount "89"]
[EventDate "2017.08.30"]
[EventType "tourn"]
[EventRounds "5"]
[EventCountry "CAN"]

1. a3 d5 2. c4 c6 3. e3 Nf6 4. Nf3 e6 5. Nc3 Bd6 6. d4 O-O 7. Bd3 dxc4 8. Bxc4
b5 9. Bd3 Nbd7 10. Qc2 Bb7 11. Ng5 h6 12. h4 e5 13. Kf1 a6 14. Bh7+ Kh8 15. Bf5
Qe7 16. Bd2 c5 17. Re1 g6 18. Bxd7 Qxd7 19. dxe5 Bxe5 20. Nf3 Bxf3 21. gxf3
Rad8 22. Rd1 Qd3+ 23. Qxd3 Rxd3 24. Ke2 Rfd8 25. f4 Bc7 26. e4 c4 27. e5 Nd5
28. Ne4 Bb6 29. h5 Kg7 30. hxg6 fxg6 31. f5 g5 32. Bc1 Nf4+ 33. Bxf4 gxf4 34.
Rxd3 Rxd3 35. Re1 Ba5 36. b4 Bc7 37. Nc5 Rd5 38. e6 Kf6 39. Kf3 Bd6 40. Ne4+
Ke7 41. Nxd6 Rxd6 42. f6+ Ke8 43. Kxf4 c3 44. Kf5 c2 45. e7 1-0

[Event "Mercredi 2017.08.30 ABCD"]
[Site "Montreal CAN"]
[Date "2017.09.27"]
[Round "5"]
[White "Zheng, Richard"]
[Black "Rodrigue-Lemieux, Shawn"]
[Result "0-1"]
[WhiteElo "2053"]
[BlackElo "2269"]
[PlyCount "66"]
[EventDate "2017.08.30"]
[EventType "tourn"]
[EventRounds "5"]
[EventCountry "CAN"]

1. e4 c6 2. d4 d5 3. exd5 cxd5 4. Bd3 Nc6 5. c3 Qc7 6. Nf3 Bg4 7. O-O e6 8. h3
Bh5 9. a4 Bd6 10. Na3 a6 11. b4 Nge7 12. Bb2 O-O 13. Rc1 Bf4 14. Rc2 e5 15.
dxe5 Nxe5 16. g4 Nxd3 17. gxh5 Nxb2 18. Rxb2 Qxc3 19. Rb3 Qf6 20. Nc2 Rac8 21.
Ne3 Rfd8 22. Rd3 Bxe3 23. fxe3 Rc4 24. Qb3 b5 25. axb5 axb5 26. Kh1 Qf5 27. Kg2
Qxh5 28. Nd4 Rd6 29. Kh2 Rg6 30. Nf3 Rh4 31. Ng1 Qg5 32. Qa2 Qg3+ 33. Kh1 Rxh3+
0-1

[Event "Quebec op"]
[Site "Ste-Foy CAN"]
[Date "2017.08.12"]
[Round "1.14"]
[White "Skakni, Ismael"]
[Black "Rodrigue-Lemieux, Shawn"]
[Result "0-1"]
[WhiteElo "1834"]
[BlackElo "2066"]
[PlyCount "60"]
[EventDate "2017.08.12"]
[EventType "swiss"]
[EventRounds "9"]
[EventCountry "CAN"]

1. d4 d5 2. c4 e6 3. Nf3 Be7 4. Nc3 Nf6 5. e3 O-O 6. Bd3 Nbd7 7. O-O dxc4 8.
Bxc4 a6 9. a4 Nb6 10. Bd3 c5 11. a5 Nbd5 12. Nxd5 Nxd5 13. Bd2 cxd4 14. exd4
Nb4 15. Bc3 Nxd3 16. Qxd3 Bd7 17. Rfd1 Bc6 18. Ne5 Bd5 19. Nc4 Rc8 20. Nb6 Rc6
21. b4 Qc7 22. Bd2 Rd8 23. Rac1 Rxc1 24. Rxc1 Bc6 25. b5 axb5 26. Qxb5 Rxd4 27.
Qb2 Qd6 28. Nc4 Qd8 29. h3 Bf6 30. Bc3 Rxc4 0-1

[Event "Quebec op"]
[Site "Ste-Foy CAN"]
[Date "2017.08.13"]
[Round "2.1"]
[White "Sambuev, Bator"]
[Black "Rodrigue-Lemieux, Shawn"]
[Result "1-0"]
[WhiteElo "2522"]
[BlackElo "2066"]
[PlyCount "63"]
[EventDate "2017.08.12"]
[EventType "swiss"]
[EventRounds "9"]
[EventCountry "CAN"]

1. Nf3 d5 2. g3 Nf6 3. Bg2 e6 4. O-O Be7 5. d3 O-O 6. Nbd2 c5 7. e4 Nc6 8. Re1
b5 9. e5 Nd7 10. Nf1 f6 11. exf6 Bxf6 12. Ne3 Bb7 13. Ng4 e5 14. h4 Qc7 15. Ng5
Qd6 16. Ne3 Ne7 17. c4 Bxg5 18. hxg5 a6 19. Qh5 Bc6 20. cxd5 Nxd5 21. Be4 g6
22. Qh3 Nb4 23. Rd1 Nb6 24. a3 N4d5 25. Ng4 Ra7 26. Bd2 Nd7 27. Rac1 Ne7 28. b4
Bxe4 29. dxe4 Qd3 30. Bc3 Qxe4 31. Rxd7 Rxd7 32. Nh6+ 1-0

[Event "Quebec op"]
[Site "Ste-Foy CAN"]
[Date "2017.08.13"]
[Round "3.8"]
[White "Rodrigue-Lemieux, Shawn"]
[Black "Arteau, Benoit"]
[Result "1/2-1/2"]
[WhiteElo "2066"]
[BlackElo "1948"]
[PlyCount "93"]
[EventDate "2017.08.12"]
[EventType "swiss"]
[EventRounds "9"]
[EventCountry "CAN"]

1. e4 b6 2. d4 Bb7 3. Bd3 e6 4. Nf3 c5 5. c3 Nf6 6. Nbd2 Nc6 7. O-O Be7 8. a3
d6 9. b4 a6 10. bxc5 dxc5 11. Bb2 O-O 12. Qc2 h6 13. Rad1 Qc7 14. Rfe1 Rac8 15.
Qb1 Rfd8 16. Nc4 b5 17. Ne3 c4 18. Bc2 Ba8 19. e5 Nd5 20. Nxd5 Rxd5 21. Nd2
Rdd8 22. f4 Nxd4 23. cxd4 c3 24. Ba1 cxd2 25. Rxd2 Qa5 26. Rde2 Bxa3 27. f5 Bd5
28. f6 gxf6 29. exf6 Kf8 30. Bb3 Bxb3 31. Qxb3 Rc1 32. Qe3 Rxe1+ 33. Rxe1 Ke8
34. Kf1 Bf8 35. Qe4 Rd5 36. g4 Qd2 37. Re2 Qc1+ 38. Kg2 Kd8 39. Bb2 Qg5 40. Rf2
h5 41. h3 b4 42. Qe2 hxg4 43. Qxa6 gxh3+ 44. Kh1 Qe3 45. Qa8+ Kd7 46. Qb7+ Kd8
47. Qb8+ 1/2-1/2

[Event "Quebec op"]
[Site "Ste-Foy CAN"]
[Date "2017.08.14"]
[Round "4"]
[White "Rodrigue-Lemieux, Shawn"]
[Black "Dube, Daniel"]
[Result "0-1"]
[WhiteElo "2066"]
[BlackElo "1623"]
[PlyCount "50"]
[EventDate "2017.08.12"]
[EventType "swiss"]
[EventRounds "9"]
[EventCountry "CAN"]

1. e4 e5 2. Nf3 Nc6 3. Bc4 Nf6 4. d3 h6 5. O-O d6 6. c3 Be7 7. Nbd2 O-O 8. Bb3
Nh7 9. Nc4 Kh8 10. Ne3 Ng5 11. Bc2 Nxf3+ 12. Qxf3 Bg5 13. g3 Bxe3 14. fxe3 Bh3
15. Re1 f5 16. exf5 Rxf5 17. Qe2 e4 18. d4 Qe7 19. d5 Raf8 20. dxc6 Rf2 21. Qc4
Rxc2 22. Bd2 Rxd2 23. Re2 Rxe2 24. Qxe2 bxc6 25. Qh5 Qe6 0-1

[Event "Quebec op"]
[Site "Ste-Foy CAN"]
[Date "2017.08.15"]
[Round "5.14"]
[White "Drolet, Stephane"]
[Black "Rodrigue-Lemieux, Shawn"]
[Result "1/2-1/2"]
[WhiteElo "2071"]
[BlackElo "2066"]
[PlyCount "55"]
[EventDate "2017.08.12"]
[EventType "swiss"]
[EventRounds "9"]
[EventCountry "CAN"]

1. d4 d5 2. Nf3 e6 3. Bf4 Nf6 4. e3 Be7 5. h3 c5 6. c3 Nc6 7. Nbd2 O-O 8. Bd3
b6 9. O-O Bb7 10. Qe2 Bd6 11. Ne5 Bxe5 12. dxe5 Nd7 13. Nf3 f6 14. exf6 Qxf6
15. Ng5 g6 16. Qg4 Nde5 17. Qh4 h5 18. Be2 Nf7 19. e4 Ne7 20. Qg3 e5 21. Bd2
dxe4 22. Nxf7 Kxf7 23. Bg5 Qe6 24. Bxe7 Qxe7 25. Rfe1 Rad8 26. Qe3 Kg7 27. Rad1
Rxd1 28. Bxd1 1/2-1/2

[Event "Quebec op"]
[Site "Ste-Foy CAN"]
[Date "2017.08.16"]
[Round "6.12"]
[White "Rodrigue-Lemieux, Shawn"]
[Black "Bahadi, Khalid"]
[Result "1-0"]
[WhiteElo "2066"]
[BlackElo "1825"]
[PlyCount "53"]
[EventDate "2017.08.12"]
[EventType "swiss"]
[EventRounds "9"]
[EventCountry "CAN"]

1. e4 e5 2. Nf3 Nc6 3. Bc4 Nf6 4. d3 Bc5 5. c3 d6 6. Bb3 Bg4 7. Nbd2 O-O 8. O-O
d5 9. exd5 Nxd5 10. Ne4 Be7 11. h3 Bh5 12. Re1 f6 13. Ng3 Bf7 14. Nf5 Re8 15.
d4 Bf8 16. dxe5 Nxe5 17. Nxe5 Rxe5 18. Rxe5 fxe5 19. Qg4 Kh8 20. Bg5 Nf6 21.
Bxf7 Nxg4 22. Bxd8 Nxf2 23. Bxc7 Bc5 24. Bxe5 Nd3+ 25. Bd4 Rf8 26. Bxc5 Nxc5
27. Nd6 1-0

[Event "Quebec op"]
[Site "Ste-Foy CAN"]
[Date "2017.08.17"]
[Round "7.10"]
[White "Auger, Bertrand"]
[Black "Rodrigue-Lemieux, Shawn"]
[Result "0-1"]
[WhiteElo "1969"]
[BlackElo "2066"]
[PlyCount "82"]
[EventDate "2017.08.12"]
[EventType "swiss"]
[EventRounds "9"]
[EventCountry "CAN"]

1. Nf3 c5 2. c4 d6 3. g3 g6 4. Bg2 Bg7 5. O-O e5 6. Nc3 Ne7 7. d3 O-O 8. Qc2
Nbc6 9. a3 f5 10. e3 h6 11. Rb1 a5 12. Nd2 g5 13. Nd5 Be6 14. b3 f4 15. Bb2 Nf5
16. Rbe1 Kh8 17. Bc3 Rc8 18. Qd1 Rb8 19. Qa1 Qd7 20. a4 Qf7 21. Qd1 Qg6 22. g4
Nh4 23. Be4 Qf7 24. f3 h5 25. h3 Bf6 26. Rf2 Bd8 27. Nf1 Ne7 28. exf4 gxf4 29.
Qa1 Nxd5 30. cxd5 Bxd5 31. Bxd5 Qxd5 32. Nd2 Bf6 33. Ne4 Bg7 34. Ng5 b6 35. Qd1
Rbe8 36. Ne4 Qe6 37. Ba1 Rg8 38. Nd2 Bf6 39. d4 Nf5 40. Nc4 cxd4 41. Qd3 Bh4
0-1

[Event "Quebec op"]
[Site "Ste-Foy CAN"]
[Date "2017.08.18"]
[Round "8.6"]
[White "Pare, Marc"]
[Black "Rodrigue-Lemieux, Shawn"]
[Result "0-1"]
[WhiteElo "1984"]
[BlackElo "2066"]
[PlyCount "80"]
[EventDate "2017.08.12"]
[EventType "swiss"]
[EventRounds "9"]
[EventCountry "CAN"]

1. e4 c6 2. d4 d5 3. e5 Bf5 4. Ne2 e6 5. Ng3 Bg6 6. h4 h5 7. c3 c5 8. Bb5+ Nc6
9. Ne2 Qb6 10. Ba4 Nh6 11. O-O Nf5 12. dxc5 Bxc5 13. b4 Be7 14. g3 O-O 15. Bf4
Rad8 16. a3 d4 17. Bxc6 dxc3 18. Qc1 Qxc6 19. Nbxc3 Qf3 20. Rd1 Bxh4 21. Rxd8
Bxd8 22. Qf1 Bb6 23. Qg2 Qxg2+ 24. Kxg2 Rd8 25. Rc1 Nd4 26. Nxd4 Rxd4 27. Be3
Rc4 28. Bxb6 axb6 29. Ne2 b5 30. Rd1 Be4+ 31. f3 Bd5 32. Kf2 Rc2 33. Ke3 Ra2
34. Rd3 Rxe2+ 35. Kxe2 Bc4 36. Ke3 Bxd3 37. Kxd3 g5 38. Ke4 Kg7 39. f4 Kg6 40.
Kf3 Kf5 0-1

[Event "Quebec op"]
[Site "Ste-Foy CAN"]
[Date "2017.08.19"]
[Round "9"]
[White "Rodrigue-Lemieux, Shawn"]
[Black "Van Hoolandt, Patrick"]
[Result "1-0"]
[WhiteElo "2066"]
[BlackElo "2110"]
[PlyCount "107"]
[EventDate "2017.08.12"]
[EventType "swiss"]
[EventRounds "9"]
[EventCountry "CAN"]
[TimeControl "600+2"]

1. e4 e5 2. Nf3 Nc6 3. Bc4 Bc5 4. c3 Nf6 5. d3 a6 6. O-O d6 7. b4 Ba7 8. Nbd2
O-O 9. h3 Ne7 10. Re1 Ng6 11. Nf1 b5 12. Bb3 c5 13. Ng3 h6 14. a3 a5 15. d4
axb4 16. axb4 Bb7 17. Bb2 c4 18. Bc2 Qb6 19. Nf5 Rfe8 20. Ra5 Rad8 21. Qa1 Bb8
22. d5 Bc8 23. Ng3 Nf4 24. Bc1 g5 25. Be3 Qb7 26. Qc1 Re7 27. h4 Nh7 28. hxg5
hxg5 29. Nxg5 Nxg5 30. Bxf4 Nh7 31. Bg5 f6 32. Bh4 Bc7 33. Ra2 Bb6 34. Qh6 Rf8
35. Bd1 Rg7 36. Bh5 Bd7 37. Bg6 Be8 38. Bxe8 Rxe8 39. Nh5 Qf7 40. Qxg7+ Qxg7
41. Nxg7 Kxg7 42. Ra6 Rb8 43. Rea1 Rb7 44. Ra8 Kg6 45. R1a6 Kh5 46. g3 Kg6 47.
Rc8 f5 48. Rc6 Bc7 49. Rxc7 Rxc7 50. Rxd6+ Kf7 51. exf5 Ra7 52. Rb6 Ra3 53.
Rb7+ Kg8 54. d6 1-0

[Event "Festival St-Denis"]
[Site "Montreal CAN"]
[Date "2017.07.22"]
[Round "1.8"]
[White "Abbas, Talal"]
[Black "Rodrigue-Lemieux, Shawn"]
[Result "0-1"]
[WhiteElo "1923"]
[BlackElo "2285"]
[PlyCount "108"]
[EventDate "2017.07.22"]
[EventType "swiss"]
[EventRounds "9"]
[EventCountry "CAN"]

1. d4 d5 2. c4 e6 3. Nc3 Be7 4. Nf3 Nf6 5. Bg5 O-O 6. e3 Nbd7 7. Rc1 c6 8. cxd5
exd5 9. Bd3 Re8 10. O-O Nf8 11. Ne5 N6d7 12. Bf4 Bf6 13. Nf3 Ne6 14. Bg3 g6 15.
b4 Nb6 16. a4 a5 17. Qb3 axb4 18. Qxb4 Nd7 19. Bd6 Ng5 20. Nd2 Bg7 21. Ra1 f5
22. Nb3 Nf7 23. Qa3 Nf6 24. Bg3 g5 25. Rae1 h5 26. f3 Bf8 27. Qb2 h4 28. Bf2
Nd6 29. Nc5 b6 30. Nb3 Ra7 31. Qc2 Rae7 32. Nb1 Bd7 33. N1d2 Bg7 34. Ra1 Nh5
35. a5 Rxe3 36. Bxe3 Rxe3 37. a6 Nf4 38. a7 Qa8 39. Be4 fxe4 40. fxe4 Nxe4 41.
Rxf4 gxf4 42. Nf3 Bg4 43. Nxh4 Rxb3 44. Qxb3 Bxd4+ 45. Kh1 Nf2+ 46. Kg1 Ne4+
47. Kh1 Bxa1 48. Qxb6 Be5 49. Ng6 Bd6 50. Ne7+ Kh7 51. Nxc6 Bd7 52. Nb8 Bc5 53.
Qd8 Qxa7 54. Qh4+ Kg7 0-1

[Event "Festival St-Denis"]
[Site "Montreal CAN"]
[Date "2017.07.23"]
[Round "2.7"]
[White "Rodrigue-Lemieux, Shawn"]
[Black "Nica, Ion"]
[Result "1-0"]
[WhiteElo "2285"]
[BlackElo "1743"]
[PlyCount "101"]
[EventDate "2017.07.22"]
[EventType "swiss"]
[EventRounds "9"]
[EventCountry "CAN"]

1. e4 d6 2. d4 Nf6 3. Nc3 c6 4. a4 Qa5 5. Bd2 Qb6 6. Nge2 e5 7. a5 Qc7 8. h3
Be7 9. Be3 Nbd7 10. Ng3 exd4 11. Bxd4 Ne5 12. Qd2 Be6 13. b3 d5 14. f4 Ng6 15.
e5 Nd7 16. Bd3 Bh4 17. Bf2 Ne7 18. O-O g6 19. Nce2 c5 20. c4 Rd8 21. cxd5 Bxd5
22. Qc2 Qc6 23. Ne4 Bxf2+ 24. Rxf2 Nf5 25. Rc1 O-O 26. Qb1 Ng7 27. N2c3 Bxe4
28. Bxe4 Qa6 29. Nd5 Qxa5 30. Ra2 Qb5 31. Bd3 c4 32. Bxc4 Qc5+ 33. Kh1 Rfe8 34.
Nf6+ Kh8 35. Nxe8 Nxe8 36. Bxf7 Qf8 37. Bxe8 Rxe8 38. Qe4 Nc5 39. Qc4 Ne6 40.
Rxa7 Qe7 41. Qb5 Nxf4 42. Rxb7 Qd8 43. Rcc7 Ne6 44. Rxh7+ Kg8 45. Qc4 Qd1+ 46.
Kh2 Qd4 47. Rhg7+ Kh8 48. Qxd4 Nxd4 49. Rxg6 Rxe5 50. Rd6 Ne6 51. Re7 1-0

[Event "Festival St-Denis"]
[Site "Montreal CAN"]
[Date "2017.07.25"]
[Round "4.5"]
[White "Rodrigue-Lemieux, Shawn"]
[Black "Robichaud, Louis"]
[Result "1/2-1/2"]
[WhiteElo "2285"]
[BlackElo "2152"]
[PlyCount "89"]
[EventDate "2017.07.22"]
[EventType "swiss"]
[EventRounds "9"]
[EventCountry "CAN"]

1. e4 e5 2. Nf3 Nc6 3. Bc4 Bc5 4. c3 Nf6 5. d3 O-O 6. O-O d5 7. exd5 Nxd5 8. h3
Nf6 9. Nbd2 Bf5 10. b4 Bd6 11. Qe2 Qe7 12. Ne4 Nxe4 13. dxe4 Be6 14. Be3 Bxc4
15. Qxc4 h6 16. Nh2 a6 17. Ng4 h5 18. Nh2 Nd8 19. Qe2 g6 20. Kh1 Ne6 21. g4
hxg4 22. Qxg4 Nf4 23. Bxf4 exf4 24. Rae1 Be5 25. Qf3 Kg7 26. Rg1 Rh8 27. Ng4
Rh4 28. Kg2 Rah8 29. Rh1 Rd8 30. Rd1 Rhh8 31. Rd5 f6 32. Rhd1 c6 33. Rxd8 Rxd8
34. Rd3 b5 35. Qd1 Rxd3 36. Qxd3 g5 37. Nh2 Qd6 38. Qxd6 Bxd6 39. Nf3 c5 40. a3
Kg6 41. Nd2 c4 42. f3 Be5 43. Nb1 f5 44. exf5+ Kxf5 45. Kf2 1/2-1/2

[Event "Festival St-Denis"]
[Site "Montreal CAN"]
[Date "2017.07.26"]
[Round "5.7"]
[White "Bassel, Charaf"]
[Black "Rodrigue-Lemieux, Shawn"]
[Result "0-1"]
[WhiteElo "2109"]
[BlackElo "2285"]
[PlyCount "72"]
[EventDate "2017.07.22"]
[EventType "swiss"]
[EventRounds "9"]
[EventCountry "CAN"]

1. e3 c5 2. b3 Nf6 3. Bb2 d6 4. g3 g6 5. Bxf6 exf6 6. c4 Bg7 7. Nc3 O-O 8. Bg2
Nc6 9. Nge2 Re8 10. O-O f5 11. Rc1 Rb8 12. d4 cxd4 13. exd4 a6 14. Re1 Bd7 15.
Qd2 Qa5 16. Red1 b5 17. c5 dxc5 18. dxc5 Rbd8 19. Nd5 Qxd2 20. Rxd2 Be6 21.
Nef4 Kf8 22. Rcd1 Be5 23. h4 Nb4 24. Nxb4 Rxd2 25. Rxd2 Bc3 26. Rc2 Bxb4 27.
Bb7 Ba5 28. Bxa6 Rb8 29. Nd3 Bd5 30. b4 Bc7 31. a4 bxa4 32. b5 Be4 33. b6 Bxb6
34. cxb6 Rxb6 35. Bc4 Rb1+ 36. Rc1 Bxd3 0-1

[Event "Festival St-Denis"]
[Site "Montreal CAN"]
[Date "2017.07.28"]
[Round "7.1"]
[White "Rodrigue-Lemieux, Shawn"]
[Black "Bakre, Tejas"]
[Result "0-1"]
[WhiteElo "2285"]
[BlackElo "2449"]
[PlyCount "62"]
[EventDate "2017.07.22"]
[EventType "swiss"]
[EventRounds "9"]
[EventCountry "CAN"]

1. e4 c5 2. Nf3 Nc6 3. d4 cxd4 4. Nxd4 Nf6 5. Nc3 d6 6. g3 g6 7. Bg2 Bd7 8. O-O
Bg7 9. Nde2 O-O 10. h3 Qc8 11. Kh2 Rd8 12. Be3 Ne5 13. Bd4 Nc4 14. Nd5 Nxd5 15.
Bxg7 Nde3 16. fxe3 Kxg7 17. b3 Ne5 18. Qd2 b5 19. Nf4 Bc6 20. Nd3 Qb7 21. Qc3
f6 22. Nf4 Rdc8 23. Qd4 f5 24. Nd3 Bxe4 25. Nxe5 Bxg2 26. Rf2 Be4 27. Ng4+ e5
28. Qxd6 fxg4 29. Raf1 Re8 30. Qf6+ Kg8 31. hxg4 Qe7 0-1

[Event "Festival St-Denis"]
[Site "Montreal CAN"]
[Date "2017.07.29"]
[Round "8.5"]
[White "Yu, Zong Yang"]
[Black "Rodrigue-Lemieux, Shawn"]
[Result "1-0"]
[WhiteElo "2479"]
[BlackElo "2285"]
[PlyCount "83"]
[EventDate "2017.07.22"]
[EventType "swiss"]
[EventRounds "9"]
[EventCountry "CAN"]

1. d4 d5 2. c4 e6 3. Nc3 Be7 4. Nf3 Nf6 5. Bg5 O-O 6. e3 Nbd7 7. Bd3 dxc4 8.
Bxc4 a6 9. a4 Nb6 10. Bd3 Nbd5 11. Rc1 b6 12. O-O Bb7 13. Qe2 h6 14. Bh4 c5 15.
Nxd5 Nxd5 16. Bxe7 Qxe7 17. dxc5 bxc5 18. Bb1 Rac8 19. e4 Nb4 20. Rc3 Rfd8 21.
Rfc1 e5 22. Qe3 Rd4 23. h3 Rc6 24. Nd2 Qd6 25. Nb3 Rd1+ 26. Kh2 Rxc1 27. Rxc1
c4 28. Na5 Rc7 29. Nxc4 Qd4 30. Qxd4 exd4 31. b3 d3 32. f3 Bc6 33. Nd2 f5 34.
Kg3 fxe4 35. fxe4 Rf7 36. Rc4 a5 37. Rd4 Re7 38. Bxd3 Nxd3 39. Rxd3 Kf7 40. Kf4
g5+ 41. Ke3 Ke6 42. Nc4 1-0

[Event "Festival St-Denis"]
[Site "Montreal CAN"]
[Date "2017.07.30"]
[Round "9.5"]
[White "Rodrigue-Lemieux, Shawn"]
[Black "Huang, Qiuyu"]
[Result "1/2-1/2"]
[WhiteElo "2285"]
[BlackElo "2265"]
[PlyCount "62"]
[EventDate "2017.07.22"]
[EventType "swiss"]
[EventRounds "9"]
[EventCountry "CAN"]

1. e4 c5 2. b3 d6 3. Bb2 e6 4. Nf3 Nf6 5. Nc3 Be7 6. Be2 O-O 7. O-O a6 8. a4 b6
9. d4 cxd4 10. Qxd4 Bb7 11. Rad1 Nc6 12. Qd2 Qc7 13. Nd4 Rac8 14. Bc4 Ne5 15.
Bd3 d5 16. exd5 Bb4 17. Ncb5 Bxd2 18. Nxc7 Nxd3 19. cxd3 Bb4 20. Rc1 Bd6 21.
dxe6 Bxc7 22. e7 Rfe8 23. Nf5 Bf4 24. Rc4 Rxc4 25. dxc4 Be4 26. Bxf6 gxf6 27.
Rd1 Bxf5 28. Rd8 Bd7 29. Rxd7 Kg7 30. g3 Be5 31. a5 bxa5 1/2-1/2

[Event "Laval op"]
[Site "Laval CAN"]
[Date "2017.06.23"]
[Round "1.2"]
[White "Barre, Michel"]
[Black "Rodrigue-Lemieux, Shawn"]
[Result "1/2-1/2"]
[WhiteElo "1945"]
[BlackElo "2156"]
[PlyCount "39"]
[EventDate "2017.06.23"]
[EventType "swiss"]
[EventRounds "5"]
[EventCountry "CAN"]

1. d4 d5 2. Bf4 Nf6 3. e3 e6 4. Nd2 Be7 5. Bd3 O-O 6. Ngf3 c5 7. c3 Nc6 8. Ne5
Nxe5 9. dxe5 Nd7 10. h4 c4 11. Bxh7+ Kxh7 12. Qh5+ Kg8 13. Nf3 f6 14. Ng5 fxg5
15. hxg5 Rf5 16. Qh7+ Kf7 17. Qh5+ Kg8 18. Qh7+ Kf7 19. Qh5+ Kg8 20. Qh7+
1/2-1/2

[Event "Laval op"]
[Site "Laval CAN"]
[Date "2017.06.24"]
[Round "2.8"]
[White "Rodrigue-Lemieux, Shawn"]
[Black "Abran, David"]
[Result "1-0"]
[WhiteElo "2156"]
[BlackElo "1870"]
[PlyCount "86"]
[EventDate "2017.06.23"]
[EventType "swiss"]
[EventRounds "5"]
[EventCountry "CAN"]

1. e4 c6 2. d4 d5 3. exd5 cxd5 4. c4 e6 5. Nc3 Nf6 6. Nf3 Be7 7. cxd5 exd5 8.
Bd3 O-O 9. h3 Nc6 10. O-O Be6 11. Bf4 a6 12. Rc1 Rc8 13. Re1 Re8 14. Bb1 Qd7
15. Ne5 Nxe5 16. dxe5 Ne4 17. Nxe4 Rxc1 18. Bxc1 dxe4 19. Bxe4 Qxd1 20. Rxd1 b5
21. b3 Rd8 22. Rxd8+ Bxd8 23. f4 f5 24. Bc6 Bb6+ 25. Kf1 b4 26. Ke2 a5 27. Be3
Bd8 28. g3 h6 29. Kd3 Kf7 30. Bc5 g5 31. Be3 gxf4 32. gxf4 Bc7 33. Bc5 Bd8 34.
Kd4 Bc7 35. Bd5 Bd8 36. Ba7 Bc7 37. Kc5 Bd8 38. Kc6 Bh4 39. Bb8 Bg3 40. Kd6
Bxd5 41. Kxd5 Ke7 42. Bd6+ Kf7 43. Bc7 Ke7 1-0

[Event "Laval op"]
[Site "Laval CAN"]
[Date "2017.06.24"]
[Round "3.3"]
[White "Rodrigue-Lemieux, Shawn"]
[Black "Zheng, Richard"]
[Result "1-0"]
[WhiteElo "2156"]
[BlackElo "1722"]
[PlyCount "69"]
[EventDate "2017.06.23"]
[EventType "swiss"]
[EventRounds "5"]
[EventCountry "CAN"]

1. e4 e6 2. d4 d5 3. Nd2 c6 4. c3 Bd6 5. e5 Bc7 6. Bd3 f5 7. f4 Ne7 8. Ne2 Nd7
9. Nf3 Ng6 10. Be3 Qe7 11. b4 a6 12. Ng3 Nh4 13. Nxh4 Qxh4 14. O-O g6 15. a4
O-O 16. Qf3 Rb8 17. Bf2 Qe7 18. Ne2 b5 19. a5 Bb7 20. g4 Bd8 21. Kh1 Kh8 22.
Rg1 Rc8 23. Rg2 Qf7 24. Rag1 Re8 25. Ng3 Nf8 26. gxf5 exf5 27. Nxf5 gxf5 28.
Qh5 Ng6 29. Rxg6 c5 30. Bxf5 cxd4 31. Rg8+ Qxg8 32. Rxg8+ Kxg8 33. Qxh7+ Kf8
34. Bg6 Rc7 35. Qh8+ 1-0

[Event "Laval op"]
[Site "Laval CAN"]
[Date "2017.06.25"]
[Round "4.2"]
[White "Broday, Gabriel Renan"]
[Black "Rodrigue-Lemieux, Shawn"]
[Result "1/2-1/2"]
[WhiteElo "2082"]
[BlackElo "2156"]
[PlyCount "97"]
[EventDate "2017.06.23"]
[EventType "swiss"]
[EventRounds "5"]
[EventCountry "CAN"]

1. e4 c6 2. d4 d5 3. Nd2 dxe4 4. Nxe4 Bf5 5. Ng3 Bg6 6. h4 h6 7. Nh3 Nf6 8. Nf4
Bh7 9. Be3 Nbd7 10. Bd3 Bxd3 11. Qxd3 e6 12. O-O-O Qc7 13. Kb1 O-O-O 14. Ne4
Nxe4 15. Qxe4 Nf6 16. Qf3 Bd6 17. Nd3 Qa5 18. c4 Qf5 19. Qxf5 exf5 20. f3 Rhe8
21. Bf2 Re2 22. Rhe1 Rde8 23. Rxe2 Rxe2 24. Rf1 Nh5 25. Nc1 Re6 26. g4 fxg4 27.
fxg4 Nf4 28. d5 cxd5 29. cxd5 Rg6 30. Bxa7 Rxg4 31. Bf2 Kd7 32. Be1 f6 33. Rh1
Nxd5 34. Nd3 Rg2 35. b4 Ne3 36. a4 f5 37. h5 Kc6 38. Rh3 f4 39. Rf3 Rg1 40. Ka2
Kd5 41. Bf2 Rg2 42. Rxf4 Ng4 43. Kb3 Nf6 44. Bc5 Bxc5 45. Nxc5 Rg3+ 46. Kc2 b6
47. Rf5+ Kc4 48. Rf4+ Kd5 49. Rf5+ 1/2-1/2

[Event "Laval op"]
[Site "Laval CAN"]
[Date "2017.06.25"]
[Round "5.2"]
[White "Rodrigue-Lemieux, Shawn"]
[Black "Sprumont, Oscar"]
[Result "0-1"]
[WhiteElo "2156"]
[BlackElo "2034"]
[PlyCount "56"]
[EventDate "2017.06.23"]
[EventType "swiss"]
[EventRounds "5"]
[EventCountry "CAN"]

1. e4 e6 2. d4 d5 3. Nd2 c5 4. Ngf3 cxd4 5. Nxd4 Nf6 6. exd5 Nxd5 7. N2f3 Be7
8. a3 O-O 9. Bd3 a6 10. Qe2 Qc7 11. h4 h6 12. Bd2 Nd7 13. Nxe6 fxe6 14. Qxe6+
Kh8 15. Qxd5 Nf6 16. Qb3 Ng4 17. Qc4 Qb6 18. O-O-O Nxf2 19. Ne5 Nxd3+ 20. Qxd3
Bf5 21. Qe3 Bc5 22. Qg3 Rac8 23. Nc4 Bd4 24. Bc3 Rxc4 25. Rxd4 Rxd4 26. Qe5 Rd7
27. Rf1 Qg6 28. b3 Rdf7 0-1

[Event "Montreal CC-ch"]
[Site "Montreal CAN"]
[Date "2017.06.09"]
[Round "1.4"]
[White "Rodrigue-Lemieux, Shawn"]
[Black "Sonn, Eric"]
[Result "1-0"]
[WhiteElo "2305"]
[BlackElo "1525"]
[PlyCount "31"]
[EventDate "2017.06.09"]
[EventType "swiss"]
[EventRounds "5"]
[EventCountry "CAN"]

1. e4 c5 2. Nf3 d6 3. d4 cxd4 4. Qxd4 Nc6 5. Bb5 Bd7 6. Bxc6 bxc6 7. b3 Qb6 8.
Qd3 Bg4 9. Nbd2 Bxf3 10. Nxf3 Rd8 11. O-O Nf6 12. Be3 Qb7 13. Rad1 d5 14. exd5
Rxd5 15. Qc4 e6 16. Qa4 1-0

[Event "Montreal CC-ch"]
[Site "Montreal CAN"]
[Date "2017.06.10"]
[Round "2.4"]
[White "Gates, Claude-Eric"]
[Black "Rodrigue-Lemieux, Shawn"]
[Result "0-1"]
[WhiteElo "1827"]
[BlackElo "2305"]
[PlyCount "50"]
[EventDate "2017.06.09"]
[EventType "swiss"]
[EventRounds "5"]
[EventCountry "CAN"]

1. e4 c6 2. d4 d5 3. f3 dxe4 4. fxe4 e5 5. Nf3 exd4 6. Bc4 Be7 7. O-O Nf6 8.
Ne5 Be6 9. Nxf7 Bxf7 10. Bxf7+ Kxf7 11. e5 Rf8 12. Qd3 Kg8 13. exf6 Bxf6 14.
Qb3+ Rf7 15. Nd2 Qb6 16. Qd3 Nd7 17. Nc4 Qc5 18. b4 Qd5 19. Bb2 Re8 20. Rad1 b5
21. Nd2 Re3 22. Qf5 Qxa2 23. Bxd4 Bxd4 24. Qxf7+ Qxf7 25. Rxf7 Re1# 0-1